The ecological basis for river management

Gorde:
Xehetasun bibliografikoak
Egile nagusia: Harper, David M (Egilea)
Beste egile batzuk: Ferguson, Alaistair J. D
Formatua: Liburua
Hizkuntza:ingelesa
Argitaratua: Chichester, England, United Kingdom Wiley 1995
Gaiak:
Etiketak: Etiketa erantsi
Etiketarik gabe, Izan zaitez lehena erregistro honi etiketa jartzen!

MARC

LEADER 00000nam a2200000 a 4500
001 UCQ6732
003 CL-VaPUC
005 20241112095538.0
008 981023e19950000UK |||||||||||||||||eng|d
999 |c 276669  |d 276667 
040 |c Pontificia Universidad Católica de Valparaíso 
082 0 4 |a 627.1 HAR 1995  |2 21 
100 |a Harper, David M  |e author  |9 420633 
245 1 4 |a The ecological basis for river management 
260 0 3 |a Chichester, England, United Kingdom  |b Wiley  |c 1995 
300 |a 614 páginas 
583 |a last modification  |c 19981023 00:00:00  |k Rodrigo Vera 
650 0 |a Ecología de los ríos  |9 420635 
650 7 |a GESTION DE LOS RECURSOS HIDRICOS  |2 CL-VaPUC  |9 346585 
650 0 |a Ecosistemas acuáticos   |9 343699 
650 7 |a PECES  |2 CL-VaPUC  |9 420636 
650 7 |a HABITAT  |2 CL-VaPUC  |9 267395 
650 0 |a Hidrología  |9 261396 
650 0 |a Ecología   |9 258124 
650 0 |a Plantas acuáticas  |9 338099 
700 0 |a Ferguson, Alaistair J. D  |9 420634 
942 |c BK  |2 ddc 
945 |d 19981023 00:00:00  |a mvenant 
952 |0 0  |1 0  |2 ddc  |4 0  |6 627_100000000000000_HAR_1995  |7 0  |8 A  |9 314069  |a BIBCUR  |b BIBCUR  |d 2019-11-20  |i 3473570  |o 627.1 HAR 1995  |p 3473570  |r 2025-04-22  |t 1  |w 2019-11-20  |y BK  |k BIO